000 00677nam a2200193Ia 4500
008 151119s9999||||xx |||||||||||||| ||und||
082 _a320.954
082 _bGKKV30333
100 _aपुरंदरे काकासाहेब
245 _aचाणाक्यनीती ते शरदनीती
260 _a--
260 _b--
260 _c2008
600 _aपुरंदरे काकासाहेब
630 _aचाणाक्यनीती ते शरदनीती
700 _aपुरंदरे काकासाहेब
730 _aचाणाक्यनीती ते शरदनीती
942 _cBOOK
999 _c1082669
_d1082666